000 00436nam a22001817a 4500
005 20260415123450.0
008 260415b |||||||| |||| 00| 0 eng d
020 _a9789390346110
_c1650.00
040 _aMAIN
041 _aEnglish
082 _a535
_bLAW
100 _aLawrence, Jack
_926601
245 _aPrinciples of Optics
260 _aNew Delhi
_bBlackwell Press
_c2026
300 _a299
650 _aPhysics
942 _cBK
999 _c60604
_d60604